Blocked by caste Economic Discrimination in Modern India (Record no. 31952)

MARC details
000 -LEADER
fixed length control field 00965cam a2200253 a 4500
005 - DATE AND TIME OF LATEST TRANSACTION
control field 20060727202709.0
008 - FIXED-LENGTH DATA ELEMENTS--GENERAL INFORMATION
fixed length control field 970612s1997 ii b 001 0 eng
010 ## - LCCN (DPL NO)
LC control number ENG-95515
020 ## - INTERNATIONAL STANDARD BOOK NUMBER
International Standard Book Number 9780198060802
Terms of availability 750.00
035 ## - SYSTEM CONTROL NUMBER
System control number EN-79048
037 ## - SOURCE OF ACQUISITION
Source of stock number/acquisition DBAD/PUB
040 ## - CATALOGING SOURCE
Original cataloging agency DPL
245 ## - TITLE STATEMENT
Title Blocked by caste Economic Discrimination in Modern India
Statement of responsibility, etc edited by Sukhadeo Thorat, Katherine S. Newman; foreword by Kaushik basu
260 ## - PUBLICATION, DISTRIBUTION, ETC. (IMPRINT)
Place of publication, distribution, etc New Delhi
Name of publisher, distributor, etc Oxford University Press,
Date of publication, distribution, etc 2010
270 ## - ADDRESS
Address YMCA building, Jai singh road
City New Delhi
Postal code 110001
300 ## - PHYSICAL DESCRIPTION
Extent xxi, p. 377;
Dimensions 22 cm.(Hb)
504 ## - BIBLIOGRAPHY, ETC. NOTE
Bibliography, etc Includes bibliographical references
651 ## - SUBJECT ADDED ENTRY--GEOGRAPHIC NAME
Geographic name India
General subdivision Religion.
700 ## - ADDED ENTRY--PERSONAL NAME
Personal name Thorat, Sukhadeo
700 ## - ADDED ENTRY--PERSONAL NAME
Personal name Newman, Katherine S.
942 ## - ADDED ENTRY ELEMENTS (KOHA)
Source of classification or shelving scheme Dewey Decimal Classification
Item type English Books
Call number suffix THO
Holdings
Withdrawn status Lost status Source of classification or shelving scheme Damaged status Not for loan Collection code Home library Current library Date acquired Source of acquisition Cost, normal purchase price Total Checkouts Full call number Barcode Date last seen Copy number Cost, replacement price Koha item type
    Dewey Decimal Classification   Not For Loan Non-fiction D.B.Act.Division D.B.Act.Division 20/11/2009 DBAD / PUB 750.00   THO EN-79048 20/11/2009 1 750.00 English Books

© Delhi Public Library
Hit Counter
free hit counter